English in mind, (Record no. 12868)
[ view plain ]
| 000 -LEADER | |
|---|---|
| fixed length control field | 01583cam a2200397 a 4500 |
| 001 - CONTROL NUMBER | |
| control field | 14021266 |
| 003 - CONTROL NUMBER IDENTIFIER | |
| control field | EG-ScBUE |
| 005 - DATE AND TIME OF LATEST TRANSACTION | |
| control field | 20220803105109.0 |
| 008 - FIXED-LENGTH DATA ELEMENTS--GENERAL INFORMATION | |
| fixed length control field | 050529r20082004enka f 000 0 eng d |
| 020 ## - INTERNATIONAL STANDARD BOOK NUMBER | |
| International Standard Book Number | 052175061X |
| 020 ## - INTERNATIONAL STANDARD BOOK NUMBER | |
| International Standard Book Number | 9780521750615 |
| 035 ## - SYSTEM CONTROL NUMBER | |
| System control number | (OCoLC)ocm60517320 |
| 040 ## - CATALOGING SOURCE | |
| Original cataloging agency | H2E |
| Language of cataloging | eng |
| Description conventions | rda |
| Transcribing agency | H2E |
| Modifying agency | DLC |
| -- | EG-ScBUE |
| 043 ## - GEOGRAPHIC AREA CODE | |
| Geographic area code | e-uk--- |
| 082 04 - DEWEY DECIMAL CLASSIFICATION NUMBER | |
| Classification number | 428.24 |
| Edition number | 22 |
| Item number | ACK |
| 100 1# - MAIN ENTRY--PERSONAL NAME | |
| Personal name | Ackroyd, Sarah, |
| Relator term | author. |
| 9 (RLIN) | 38971 |
| 245 10 - TITLE STATEMENT | |
| Title | English in mind, |
| Name of part/section of a work | Teacher's resource pack 2 / |
| Statement of responsibility, etc | Sarah Ackroyd and Claire Thacker. |
| 246 30 - VARYING FORM OF TITLE | |
| Title proper/short title | Teacher's resource pack 2 |
| 250 ## - EDITION STATEMENT | |
| Edition statement | Sixth printing. |
| 264 #1 - PUBLICATION, DISTRIBUTION, ETC. (IMPRINT) | |
| Place of publication, distribution, etc | Cambridge : |
| Name of publisher, distributor, etc | Cambridge University Press, |
| Date of publication, distribution, etc | 2008. |
| 300 ## - PHYSICAL DESCRIPTION | |
| Extent | 96 pages : |
| Other physical details | illustrations ; |
| Dimensions | 30 cm |
| 336 ## - CONTENT TYPE | |
| Source | rdacontent |
| Content type term | text |
| Content type code | txt |
| 337 ## - MEDIA TYPE | |
| Source | rdamedia |
| Media type term | unmediated |
| Media type code | n |
| 338 ## - CARRIER TYPE | |
| Source | rdacarrier |
| Carrier type term | volume |
| Carrier type code | nc |
| 650 #7 - SUBJECT ADDED ENTRY--TOPICAL TERM | |
| Topical term or geographic name as entry element | English language |
| Form subdivision | Textbooks for foreign speakers. |
| 9 (RLIN) | 9118 |
| Source of heading or term | BUEsh |
| 650 #7 - SUBJECT ADDED ENTRY--TOPICAL TERM | |
| Topical term or geographic name as entry element | English language |
| General subdivision | Grammar |
| Form subdivision | Problems, exercises, etc. |
| 9 (RLIN) | 9119 |
| Source of heading or term | BUEsh |
| 650 #7 - SUBJECT ADDED ENTRY--TOPICAL TERM | |
| Topical term or geographic name as entry element | Vocabulary |
| Form subdivision | Problems, exercises, etc. |
| 9 (RLIN) | 9120 |
| Source of heading or term | BUEsh |
| 651 ## - SUBJECT ADDED ENTRY--GEOGRAPHIC NAME | |
| Source of heading or term | BUEsh |
| 653 ## - INDEX TERM--UNCONTROLLED | |
| Resource For college | Humanities: English |
| 655 ## - INDEX TERM--GENRE/FORM | |
| Form subdivision | Reading book |
| 9 (RLIN) | 34232 |
| 700 1# - ADDED ENTRY--PERSONAL NAME | |
| Personal name | Thacker, Claire, |
| Relator term | author. |
| 856 42 - ELECTRONIC LOCATION AND ACCESS | |
| Materials specified | Publisher description |
| Uniform Resource Identifier | <a href="http://www.loc.gov/catdir/enhancements/fy0632/2005544510-d.html">http://www.loc.gov/catdir/enhancements/fy0632/2005544510-d.html</a> |
| 856 41 - ELECTRONIC LOCATION AND ACCESS | |
| Materials specified | Table of contents only |
| Uniform Resource Identifier | <a href="http://www.loc.gov/catdir/enhancements/fy0632/2005544510-t.html">http://www.loc.gov/catdir/enhancements/fy0632/2005544510-t.html</a> |
| 942 ## - ADDED ENTRY ELEMENTS (KOHA) | |
| Source of classification or shelving scheme | Dewey Decimal Classification |
| Koha item type | Book - Teacher Resource |
| Withdrawn status | Lost status | Source of classification or shelving scheme | Damaged status | Not for loan | Collection code | Home library | Current library | Shelving location | Date acquired | Source of acquisition | Full call number | Barcode | Date last seen | Price effective from | Koha item type | Total Checkouts | Date checked out |
|---|---|---|---|---|---|---|---|---|---|---|---|---|---|---|---|---|---|
| Dewey Decimal Classification | Baccah | Central Library | Central Library | Second Floor | 04/11/2009 | Purchase | 428.24 ACK | 000018678 | 15/07/2025 | 04/11/2009 | Book - Teacher Resource | ||||||
| Dewey Decimal Classification | Baccah | Central Library | Central Library | Second Floor | 04/11/2009 | Purchase | 428.24 ACK | 000018695 | 15/07/2025 | 04/11/2009 | Book - Teacher Resource | 1 | 01/02/2010 | ||||
| Dewey Decimal Classification | Baccah | Central Library | Central Library | Second Floor | 05/11/2009 | Purchase | 428.24 ACK | 000018696 | 15/07/2025 | 05/11/2009 | Book - Teacher Resource | 1 | 07/12/2009 | ||||
| Dewey Decimal Classification | Baccah | Central Library | Central Library | Second Floor | 05/11/2009 | Purchase | 428.24 ACK | 000018698 | 15/07/2025 | 05/11/2009 | Book - Teacher Resource | 1 | 06/12/2009 | ||||
| Dewey Decimal Classification | Baccah | Central Library | Central Library | Second Floor | 05/11/2009 | 428.24 ACK | 000018697 | 15/07/2025 | 05/11/2009 | Book - Borrowing | 1 | 19/11/2009 |